| 000 | 00451nam a2200181Ia 4500 | ||
|---|---|---|---|
| 001 | 16687 | ||
| 005 | 20260306170328.0 | ||
| 008 | 260306t2015||||xx |||||||||||||| ||und|| | ||
| 041 | _aESP | ||
| 082 |
_a349.1 _bS29 |
||
| 100 |
_aSchipani, Sandro _eAUT |
||
| 245 | 0 | _aEl sistema jurídico romanístico y los códigos modernos | |
| 260 | _c2015 | ||
| 300 |
_a352 páginas : _c24 cm. |
||
| 650 | _aGEN | ||
| 654 | _aCDE | ||
| 942 |
_cLIB _dJUS _fJUS _2ddc _n |
||
| 999 |
_c16687 _d16687 |
||